000 00556nam a2200205Ia 4500
005 20250505145647.0
008 008 250505s9999 xx 000 0 eng d
037 _aTextbook
040 _aFML
_bhin
_cFML
041 _ahin
_2hin
084 _aNS445,J R2
_qFML
100 _aGadpayle , Jitesh
_9754152
245 0 _aKathak Nritya ki Shabdawali
260 _aNew Delhi, India
_bBR Rhythms
_c2022
300 _a241p
365 _aINR
_b1495
650 _aMusic
942 _cTB
_hNS445,J R2
999 _c1311300
_d1311300